Wa-Ei taish¯o Nihon bijutsu y¯ogo jiten = A dictionary of Japanese Art Terms (Record no. 295)

MARC details
000 -CABECERA
campo de control de longitud fija 00903nam a2200241 a 4500
001 - NÚMERO DE CONTROL
campo de control BRCA_358
005 - FECHA Y HORA DE LA ÚLTIMA TRANSACCIÓN
campo de control 20190320202955.0
008 - DATOS DE LONGITUD FIJA--INFORMACIÓN GENERAL
campo de control de longitud fija 901025s1990 ja-a---##d---#001-0#jpn-d
020 ## - NÚMERO INTERNACIONAL ESTÁNDAR DEL LIBRO
Número Internacional Estándar del Libro 4808705494
040 ## - FUENTE DE LA CATALOGACIÓN
Centro catalogador/agencia de origen DLC-R
Centro/agencia transcriptor DLC-R
Centro/agencia modificador DLC-R
050 #4 - SIGNATURA TOPOGRÁFICA DE LA BIBLIOTECA DEL CONGRESO
Número de clasificación N7350
Número de documento/Ítem .W23 1990
245 10 - MENCIÓN DE TÍTULO
Título Wa-Ei taish¯o Nihon bijutsu y¯ogo jiten = A dictionary of Japanese Art Terms
Resto del título Bilingual [´Japanese & English´]
Mención de responsabilidad, etc. [hensh¯u Was-Ei Taish¯o Nihon Bijutsu Y¯ogo Jiten Hensh¯u Iinkai].
260 ## - PUBLICACIÓN, DISTRIBUCIÓN, ETC.
Lugar de publicación, distribución, etc. Tokio
Nombre del editor, distribuidor, etc. Tokio
Fecha de publicación, distribución, etc. 1990
300 ## - DESCRIPCIÓN FÍSICA
Extensión VI, 793 p.
Otras características físicas il.
Dimensiones 22 cm.
500 ## - NOTA GENERAL
Nota general Texto en español, inglés y japonés
500 ## - NOTA GENERAL
Nota general Donación Fundación Japón
650 14 - PUNTO DE ACCESO ADICIONAL DE MATERIA--TÉRMINO DE MATERIA
Término de materia o nombre geográfico como elemento de entrada Arte japonés
Subdivisión de forma Diccionarios
9 (RLIN) 1194
650 14 - PUNTO DE ACCESO ADICIONAL DE MATERIA--TÉRMINO DE MATERIA
Término de materia o nombre geográfico como elemento de entrada Arte
Subdivisión de forma Diccionarios
Subdivisión geográfica Japón
9 (RLIN) 1195
650 14 - PUNTO DE ACCESO ADICIONAL DE MATERIA--TÉRMINO DE MATERIA
Término de materia o nombre geográfico como elemento de entrada Japonés
Subdivisión de forma Diccionarios
Subdivisión general Inglés
9 (RLIN) 1196
710 2# - PUNTO DE ACCESO ADICIONAL--NOMBRE DE ENTIDAD CORPORATIVA
Nombre de entidad corporativa o nombre de jurisdicción como elemento de entrada Was-Ei Taish¯o Nihon Bijutsu Y¯ogo Jiten Hensh¯u Iinkai
9 (RLIN) 1197
902 ## - CATALOGADOR
Iniciales DFJ
942 ## - ELEMENTOS DE PUNTO DE ACCESO ADICIONAL (KOHA)
Fuente del sistema de clasificación o colocación Library of Congress Classification
Tipo de ítem Koha Libros
Holdings
Estado de retiro Estado de pérdida Estado dañado No para préstamo Localización permanente Ubicación/localización actual Fecha de adquisición Total de préstamos Signatura topográfica completa Código de barras Fecha visto por última vez Precio válido a partir de Tipo de ítem Koha
El ejemplar forma parte de la colección y puede ser consultado según las políticas vigentes.       Biblioteca del Museo Franz Mayer (Rogerio Casas-Alatriste) Biblioteca del Museo Franz Mayer (Rogerio Casas-Alatriste) 25/06/2008   N7350 .W23 1990 DFJ00010 22/03/2019 22/03/2019 Libros